明日方舟集成战略探索者的银凇止境所有关卡名称 - Statistics

General Stats
  • This quiz has been taken 15 times
  • The average score is 22 of 63
Answer Stats
Answer % Correct
事不过四
92%
园丁
77%
苔手
69%
人造物狂欢节
69%
死囚之夜
62%
度假村冤魂
62%
待宰的兽群
62%
冰海疑影
54%
坍缩体的午后
54%
霜与沙
54%
哨兵
54%
虫虫别回头
46%
本能污染
46%
何处无山海
46%
生灵的终点
46%
萨米之熵
46%
虚无之偶
46%
时光之沙
46%
黄沙幻境
46%
违和
38%
幽影与鬼魅
38%
还之彼身
38%
禁区
38%
公司纠葛
38%
生人勿近
38%
亡者行军
38%
自然之怒
38%
深寒造像
38%
迈入永恒
38%
自然条款
38%
没有尽头的路
31%
低空机动
31%
弄假成真
31%
思维折断
31%
恃强凌弱
31%
杂音干扰
31%
冰凝之所
31%
利刃所指
31%
新部族
31%
大地醒转
31%
巍峨银凇
31%
英雄无名
31%
饥渴祭坛
23%
狡兽九窟
23%
咫尺天涯
23%
大迁徙
23%
应用测试
23%
求敌得敌
23%
乐理之灾
23%
混乱的表象
23%
呼吸
23%
夺树者
23%
以守代攻
15%
天途半道
15%
腹背受敌
15%
亘古仇敌
15%
半吊子之旅
8%
无中生钱
8%
豪华车队
8%
“正义使者”
8%
夙愿将偿
8%
惩罚
8%
长期试用
8%
No matching quizzes found
Score Distribution
Percent of People with Each Score
Percentile by Number Answered
Your Score History
You have not taken this quiz